[Event "Kstovo Kichigin Memorial op"]
[Site "Kstovo"]
[Date "2010.02.??"]
[Round "8"]
[White "Zavalishin, Vladimir"]
[Black "Tkachev, Viacheslav"]
[Result "1-0"]
[WhiteElo "1889"]
[BlackElo "2003"]
[PlyCount "77"]
[EventDate "2010.02.??"]
[EventType "swiss"]
[EventRounds "9"]
[EventCountry "RUS"]
[SourceTitle "EXT 2014"]
[Source "ChessBase"]
[SourceDate "2013.11.20"]
[SourceVersion "1"]
[SourceVersionDate "2013.11.20"]
[SourceQuality "1"]

1. e4 c5 2. d4 cxd4 3. c3 d3 4. Bxd3 d6 5. f4 g6 6. Nf3 Qb6 7. Qe2 Bg7 8. Be3 Qc7 9. Na3 a6 10. Nc4 Nd7 11. a4 Nh6 12. a5 Nc5 13. Bc2 0-0 14. 0-0 Ng4 15. Bd4 e5 16. fxe5 dxe5 17. Bxc5 Qxc5+ 18. Kh1 Be6 19. Nb6 Rad8 20. Ng5 Qe3 21. Qxe3 Nxe3 22. Nxe6 Nxf1 23. Nxf8 Ne3 24. Bb3 Kxf8 25. Nd5 Nxd5 26. Bxd5 Rd7 27. g4 Bh6 28. Ra4 f5 29. gxf5 gxf5 30. Be6 Rd2 31. exf5 Rxb2 32. Rc4 Ke7 33. Rc7+ Kd6 34. Rd7+ Kc6 35. Rxh7 Bf8 36. c4 Kc5 37. Rd7 e4 38. f6 Bd6 39. f7 1-0

[Event "Kstovo Hope op"]
[Site "Kstovo"]
[Date "2009.06.22"]
[Round "3"]
[White "Shilnikov, Igor S"]
[Black "Zavalishin, Vladimir"]
[Result "1-0"]
[WhiteElo "1939"]
[BlackElo "1909"]
[PlyCount "59"]
[EventDate "2009.06.22"]
[EventType "swiss"]
[EventRounds "8"]
[EventCountry "RUS"]
[SourceTitle "EXT 2022"]
[Source "ChessBase"]
[SourceDate "2021.10.06"]
[SourceVersion "1"]
[SourceVersionDate "2021.10.06"]
[SourceQuality "1"]

1. d4 d5 2. Nf3 Nf6 3. c4 e6 4. Nc3 c5 5. e3 Nc6 6. cxd5 exd5 7. Bb5 a6 8. Bxc6+ bxc6 9. Ne5 Qc7 10. Qa4 Bd7 11. 0-0 Bd6 12. f4 0-0 13. Bd2 Rfb8 14. Qc2 g6 15. Nxd7 Nxd7 16. Kh1 cxd4 17. exd4 Qb6 18. Na4 Qxd4 19. Qxc6 Nc5 20. Bc3 Qxa4 21. Qxd6 Ne4 22. Qxd5 Nxc3 23. bxc3 Rd8 24. Qf3 Rac8 25. f5 Qa3 26. fxg6 fxg6 27. Qf7+ Kh8 28. Qf6+ Kg8 29. Qe6+ Kh8 30. Rf3 1-0

[Event "Kstovo op"]
[Site "Kstovo"]
[Date "2008.09.09"]
[Round "4"]
[White "Zavalishin, Vladimir"]
[Black "Khoshev, Sergey"]
[Result "0-1"]
[WhiteElo "1919"]
[BlackElo "2157"]
[PlyCount "104"]
[EventDate "2008.09.06"]
[EventType "swiss"]
[EventRounds "9"]
[EventCountry "RUS"]
[SourceTitle "CBM 126 Extra"]
[Source "ChessBase"]
[SourceDate "2008.11.05"]
[SourceVersion "1"]
[SourceVersionDate "2008.11.05"]
[SourceQuality "1"]

1. e4 c5 2. d4 cxd4 3. c3 Nf6 4. e5 Nd5 5. cxd4 e6 6. Nc3 Nxc3 7. bxc3 Qc7 8. Bd2 b6 9. Bd3 d6 10. f4 Bb7 11. Nf3 Be7 12. 0-0 0-0 13. f5 exf5 14. Bxf5 Nd7 15. e6 fxe6 16. Bxe6+ Kh8 17. Rc1 Rae8 18. Bb3 Be4 19. Ng5 Bxg5 20. Bxg5 Qc6 21. Qg4 d5 22. c4 Qg6 23. Ba4 Bf5 24. Rxf5 Rxf5 25. Bxd7 Rxg5 26. Bxe8 Rxg4 27. Bxg6 Rxg6 28. cxd5 h6 29. Kf2 Rg5 30. Kf3 Rxd5 31. Ke4 Rd7 32. Rc8+ Kh7 33. d5 Kg6 34. Rf8 Re7+ 35. Kd4 Rf7 36. Re8 Rf1 37. Re3 Kf6 38. h4 Rd1+ 39. Kc4 Rd2 40. Ra3 Rxg2 41. Rxa7 Rg4+ 42. Kb5 Rxh4 43. Kxb6 Rd4 44. Kc6 h5 45. d6 h4 46. Ra3 Ke5 47. d7 g5 48. Ra5+ Kf6 49. Kc7 h3 50. d8Q+ Rxd8 51. Kxd8 h2 52. Ra6+ Kg7 0-1

[Event "Kstovo op"]
[Site "Kstovo"]
[Date "2007.10.??"]
[Round "6"]
[White "Tkachev, Viacheslav"]
[Black "Zavalishin, Vladimir"]
[Result "0-1"]
[WhiteElo "2134"]
[BlackElo "1913"]
[PlyCount "60"]
[EventDate "2007.10.??"]
[EventType "swiss"]
[EventRounds "9"]
[EventCountry "RUS"]
[SourceTitle "EXT 2009"]
[Source "ChessBase"]
[SourceDate "2008.11.26"]
[SourceVersion "1"]
[SourceVersionDate "2008.11.26"]
[SourceQuality "1"]

1. d4 d5 2. c4 e6 3. Nc3 c5 4. cxd5 cxd4 5. Qa4+ Nd7 6. Qxd4 Nb6 7. e4 Nf6 8. Bb5+ Bd7 9. dxe6 Bxb5 10. Nxb5 Qxd4 11. Nxd4 Bb4+ 12. Ke2 Nxe4 13. Ngf3 0-0 14. a3 Bc5 15. Be3 Rae8 16. Kd3 Bxd4 17. Nxd4 Nc5+ 18. Ke2 Nxe6 19. Rad1 Nc4 20. b3 Nf4+ 21. Kf3 Nxe3 22. fxe3 Nd5 23. Nf5 Nf6 24. Rc1 Re5 25. Nd6 g5 26. Rhd1 Nd5 27. Nxb7 Rxe3+ 28. Kf2 Rxb3 29. Nc5 Rb2+ 30. Kg1 Ne3 0-1

[Event "Kstovo op"]
[Site "Kstovo"]
[Date "2007.10.??"]
[Round "1"]
[White "Zavalishin, Vladimir"]
[Black "Zaitsev, Dmitry A"]
[Result "0-1"]
[WhiteElo "1913"]
[BlackElo "2252"]
[PlyCount "58"]
[EventDate "2007.10.??"]
[EventType "swiss"]
[EventRounds "9"]
[EventCountry "RUS"]
[SourceTitle "EXT 2009"]
[Source "ChessBase"]
[SourceDate "2008.11.26"]
[SourceVersion "1"]
[SourceVersionDate "2008.11.26"]
[SourceQuality "1"]

1. e4 c6 2. d4 d5 3. exd5 cxd5 4. c4 Nf6 5. Nc3 g6 6. Nf3 Bg7 7. Be2 0-0 8. 0-0 Nc6 9. c5 b6 10. Bb5 Bd7 11. Bxc6 Bxc6 12. b4 Ne4 13. Qc2 a5 14. Na4 Bxa4 15. Qxa4 axb4 16. Qxb4 bxc5 17. Qb2 Ra4 18. Bf4 Qa5 19. Qb7 e6 20. Be5 c4 21. Qe7 Rxa2 22. Rae1 Qa7 23. Qh4 Nd2 24. Nxd2 Rxd2 25. Qf4 Rd3 26. Rd1 Bxe5 27. dxe5 Qd4 28. Qf6 c3 29. h4 h5 0-1